[Event "FIDE Grand Prix-I Pool-B 2022"]
[Site "Berlin"]
[Date "2022.02.09"]
[Round "5.3"]
[White "Rapport, Richard"]
[Black "Oparin, Grigoriy"]
[Result "1/2-1/2"]
[WhiteElo "2763"]
[BlackElo "2681"]
[Annotator "TA"]
[PlyCount "115"]
[EventDate "2022.02.04"]
[EventType "tourn"]
[EventCountry "GER"]
[SourceTitle "playchess.com"]
[Source "ChessBase"]
[SourceQuality "1"]

{[%evp 16,115,23,8,2,0,21,25,0,0,26,21,30,24,43,36,31,31,33,42,37,35,31,26,25,22,31,36,38,0,25,0,0,-16,-22,-12,-31,-22,-18,-25,-20,-16,-23,-20,-16,-22,-13,-41,-22,-17,-10,-91,-91,-91,-52,-48,-43,-54,-48,-54,-50,-66,-64,-61,-61,-71,-70,-139,-6,-6,-6,-6,-6,-6,-6,-6,-6,-6,-6,-6,-6,-6,-6,-6,-6,-6,-6,-13,-6,-13,-13,-13,-13,-15,-43,-65,-65,-65,-65,-65,-6,-157]} 1. d4 Nf6 2. Nf3 d5 3. c4 e6 4. Nc3 c5 5. e3 Nc6 6. cxd5 exd5 7. Bb5 cxd4 8. Nxd4 Bd7 9. O-O Bd6 {D32: Tarrasch Defence: Sidelines and lines without g3.} 10. Nf3 {[%cal Oe3e4]} Be6 11. b3 O-O {White has an edge.} 12. Bb2 Qe7 13. Rc1 Rac8 14. Bd3 a6 15. h3 {[#]} Rfd8 $146 ({Predecessor:} 15... Ne5 16. Nd4 Bb8 17. Bb1 Qd6 18. f4 Nc6 19. Nce2 Ba7 20. Ng3 Nxd4 21. Rxc8 Rxc8 22. Bxd4 Bxd4 23. Qxd4 {½-½ (68) Lomineishvili,M (2410)-Kraai,J (2425) Moscow 2005}) 16. Ne2 Ne4 17. Nf4 Bxf4 18. exf4 f6 19. Qe2 Qc7 20. Qe3 Re8 {[%cal Bd8e8,Be8e2,Be2b2][%mdl 32]} 21. Bb1 Bf5 {[%cal Oe4g5]} 22. Rfe1 (22. Nd4 $5 {[%cal Rd4f5]} Bg6 23. f5 $14) 22... Qf7 {[%cal Oe4g5]} 23. Red1 Ng3 {Pair of Knights!} 24. Qd2 {[#]} (24. Ne5 {is more complex.} fxe5 25. fxg3 Bxb1 26. Rxb1 d4 27. Qf2) 24... Re2 $1 25. Qxd5 Qxd5 26. Rxd5 Rxb2 27. Bxf5 Nxf5 28. Rxf5 {[%cal Of3d4]} Rd8 {To avoid Nd4} 29. Rfc5 Rxa2 30. R5c3 Re2 31. f5 h5 32. Kf1 Re4 33. Re1 {[#]} (33. g3 $11 {remains equal.}) 33... Rf4 $1 $17 34. Rc5 Rd6 35. Re6 Rd1+ 36. Ke2 Rb1 37. Nd2 Rb2 {...Rd4 is the strong threat.} 38. Ke3 Rd4 39. Rcxc6 {Threatens to win with Rc8+.} Rdxd2 $15 {[%mdl 4096] Endgame KRR-KRR} ({Much worse is} 39... Rbxd2 40. Rc8+ Kh7 41. Ree8 $11) 40. Rc8+ Kh7 41. Rc7 {[#]} (41. g4 $1 $15) 41... Rxf2 (41... Re2+ $1 $17 42. Kd4 Rbd2+ 43. Kc3 Rc2+ 44. Kd4 Red2+ 45. Ke3 Rxf2 46. Rxb7 Rxf5) 42. Rxf6 $11 Rxg2 43. Rxb7 {[#]} Rxb3+ $1 44. Rxb3 {aiming for Rb7.} gxf6 $17 {KR-KR} 45. Rb6 Kg7 46. Rb7+ Kf8 47. Rb6 {[%csl LRa6,LRf6]} Ke7 48. Re6+ Kf7 49. Rxa6 Rg3+ 50. Kf2 Rxh3 51. Ra7+ Kg8 52. Kg2 Re3 53. Rb7 Re5 54. Kg3 Rxf5 55. Kh4 Re5 56. Ra7 Kf8 57. Rb7 Re7 (57... Rg5 $15) 58. Rb4 $2 {Weighted Error Value: White=0.09 (flawless) /Black=0.11 (very precise)} ({White should play} 58. Rb6 $11) 1/2-1/2

[Event "FIDE Grand Prix-I Pool-B 2022"]
[Site "Berlin"]
[Date "2022.02.10"]
[Round "6.3"]
[White "Oparin, Grigoriy"]
[Black "Wojtaszek, Radoslaw"]
[Result "1/2-1/2"]
[WhiteElo "2681"]
[BlackElo "2686"]
[Annotator "TA"]
[PlyCount "78"]
[EventDate "2022.02.04"]
[EventType "tourn"]
[EventCountry "GER"]
[SourceTitle "playchess.com"]
[Source "ChessBase"]
[SourceQuality "1"]

{[%evp 9,78,-24,3,-4,-11,-24,-37,-52,-31,-43,-31,-62,-46,-43,-36,-36,-31,-33,-29,-101,-93,-86,-85,-83,-83,-95,-64,-59,-57,-53,-55,-129,-116,-203,-192,-227,-198,-281,-95,-102,-8,-4,0,-14,0,0,0,0,0,0,0,0,0,0,-12,-21,91,64,85,87,102,82,91,81,95,101,94,0,97,0,80]} 1. Nf3 d5 {[%cal Bd7d5,Bd5d4][%mdl 32]} 2. c4 d4 3. b4 c5 4. e3 Nf6 5. b5 Qc7 6. exd4 {A09: Réti Opening: 1 Nf3 d5 2 c4.} cxd4 {[#]} 7. Bb2 $146 ({Predecessor:} 7. d3 e5 8. Bg5 Bb4+ 9. Nbd2 Nfd7 10. Be2 O-O 11. O-O Nc5 12. Nb3 Nbd7 13. Rb1 Nxb3 14. axb3 {0-1 (46) Adhiban,B (2660)-Aronian,L (2781) chess24.com INT 2021}) 7... e5 8. Qe2 {[%csl LRd4,LRe5] Black is slightly better.} Bd6 9. Nxd4 $1 O-O 10. Nc2 Nbd7 {[%mdl 1024] Black has compensation.} 11. Nc3 Nc5 12. Ne3 $1 {To avoid Bf5} Be6 13. Qd1 e4 14. Ncd5 (14. Rc1 $11) 14... Nxd5 $17 15. cxd5 Bd7 16. Rc1 Rae8 17. Bd4 b6 18. Nc4 Nd3+ 19. Bxd3 exd3+ 20. Ne3 (20. Be3 $1 $15) 20... Qd8 $1 {aiming for ...Qh4.} 21. g3 {Inhibits Qh4.} (21. O-O $17) 21... Re4 $19 22. Ba1 f5 $1 {Strongly threatening ...f4.} ({Not} 22... Bxb5 23. O-O $17) 23. Qb3 (23. f4 {was called for.}) 23... Qe8 $2 (23... f4 $19 {and Black stays clearly on top.} 24. gxf4 Qh4) 24. Rc6 $17 {[#]} Bxc6 ({Black should play} 24... f4 $1 $17 {[%cal Rf4e3]} 25. gxf4 (25. Rxd6 $2 fxe3 26. f4 exd2+ 27. Kxd2 Re2+ 28. Kc3 Qe4 $19) 25... Qg6 26. Rxd6 Qxd6) 25. dxc6+ $40 {[%mdl 128] White attacks.} Qe6 {And now ...Qxb3 would win.} 26. Qxd3 Bc5 {[%cal Oa7a6]} 27. Qb3 Qxb3 28. axb3 Rb4 {[%csl LRb3,LRb5] Hoping for ...Bxe3.} 29. Ke2 {[%cal Od2d4]} Rxb5 {...Bxe3 is the strong threat.} 30. d4 Bd6 31. Rd1 f4 32. Nc4 f3+ (32... Bb8 $11) 33. Kd3 Bb8 (33... Rxb3+ $2 34. Kc2 Rb5 35. Nxd6 $18) 34. Kc2 Rd8 35. Ne3 Kf7 36. d5 Rc5+ 37. Kb1 Rb5 38. Kc2 Rc5+ 39. Kb1 Rb5 {Weighted Error Value: White=0.19 (very precise) /Black=0.21 (precise)} 1/2-1/2

[Event "FIDE Grand Prix-I Pool-B 2022"]
[Site "Berlin"]
[Date "2022.02.10"]
[Round "6.4"]
[White "Fedoseev, Vladimir"]
[Black "Rapport, Richard"]
[Result "0-1"]
[WhiteElo "2704"]
[BlackElo "2763"]
[Annotator "TA"]
[PlyCount "152"]
[EventDate "2022.02.04"]
[EventType "tourn"]
[EventCountry "GER"]
[SourceTitle "playchess.com"]
[Source "ChessBase"]
[SourceQuality "1"]

{[%evp 11,152,0,0,0,0,0,0,0,9,0,0,0,0,0,9,0,11,6,31,27,28,17,24,20,18,17,37,25,46,13,15,11,102,0,7,1,8,-5,-7,-10,0,-9,-5,-9,-6,-14,-4,-27,-13,-15,0,0,0,0,7,0,6,0,0,0,9,0,0,0,4,0,0,0,0,0,38,0,1,0,10,-93,-64,-92,-97,-118,-109,-219,-205,-252,-212,-234,-177,-251,-260,-254,-243,-471,-413,-444,-445,-420,-439,-454,-496,-739,-682,-1007,-1007,-1007,-1007,-987,-699,-641,-580,-1599,-1468,-1678,-1608,-1257,-1425,-2158,-2075,-2027,-1752,-1447,-1097,-5485,-2625,-29973,-29975,-29971,-29972,-29970,-29972,-29980,-29981,-29980,-29981,-29982,-29983,-29983,-29984,-29983,-29984,-29984,-29982,-29982,-29983]} 1. d4 d5 2. Nf3 Nc6 3. Bf4 Bg4 4. Nbd2 e6 5. e3 Bd6 6. Bxd6 cxd6 7. c4 {D02: 1 d4 d5 2 Nf3 sidelines, including 2...Nf6 3 g3 and 2...Nf6 3 Bf4.} dxc4 8. Bxc4 Nf6 9. h3 {The position is equal.} Bh5 {[#]} 10. Qb3 $146 ({Predecessor:} 10. O-O Rc8 11. Rc1 {½-½ (12) Sorcinelli,A (2056)-Krol,W (1934) LSS email 2016}) 10... Rb8 11. Bb5 O-O 12. O-O Na5 13. Qa3 a6 14. Bd3 b5 15. Rac1 Qb6 16. Rc2 (16. Qc3 {keeps more tension.} Bxf3 17. Nxf3 Nd5 18. Qd2 Nc4 19. Qe2) 16... Rfc8 17. Rfc1 Rxc2 18. Rxc2 Nd5 19. Rc1 Rd8 20. Nh4 f5 21. Bb1 {[%cal Og2g4]} Be2 {Prevents g4.} (21... Rf8 $11 {remains equal.}) 22. Re1 ({White should play} 22. e4 $1 $16 {[%cal Re4d5]} fxe4 23. Nxe4) 22... Nc4 $11 23. Nxc4 Bxc4 24. Nf3 Nf6 25. Rc1 h6 26. Ne1 a5 27. Bd3 Bd5 (27... b4 $5 28. Qa4 Bd5 $11) 28. Be2 Kh7 29. Bf3 Bc4 30. b3 Bd5 (30... b4 $5 31. Qb2 Ba6 $11) 31. Qb2 b4 32. Qc2 Rd7 33. Qc8 Rd8 34. Qc2 Rd7 35. Qc8 {With the idea Bxd5.} Rd8 36. Qc2 Kg8 37. Bxd5 Nxd5 38. Qc4 Kf7 39. Nd3 {[%cal Be1d3,Bd3b2,Bb2c4][%mdl 32]} g5 40. Nb2 h5 41. Qc6 Qa7 42. Nc4 Ke7 43. Re1 (43. a3 $11 {keeps the balance.}) 43... Qa8 $1 $17 {Black keeps a firm grip on the game.} 44. Qxa8 Rxa8 $15 {[%cal Bd8a8,Ba8c8,Bc8c3][%mdl 4128] Endgame KRN-KRN} 45. a4 Nf6 $1 46. Rc1 (46. Nb6 $17 Ra6 47. Nc4) 46... Rc8 $19 {Strongly threatening ...d5.} 47. Rb1 d5 $1 48. Ne5 Rc3 49. g3 (49. Kf1 $142) 49... Rc2 {Threatens to win with ...Ne4.} 50. Nd3 {[#]} Ne4 $1 51. h4 $2 (51. Rb2 Rxb2 52. Nxb2) 51... Nd2 52. Rc1 Rxc1+ 53. Nxc1 gxh4 54. gxh4 {[#] KN-KN} f4 $1 {And now ...Kf6 would win.} 55. Kg2 (55. Nd3 $142 Nxb3 56. Kf1 fxe3 57. fxe3) 55... Kf6 56. Nd3 {[%cal Od3b4]} fxe3 57. fxe3 Nxb3 58. Kf3 Nd2+ 59. Ke2 Ne4 60. Nf4 Ng3+ 61. Kd2 Kf5 62. Kd3 Kg4 63. Nxe6 Ne4 64. Nf4 Nc3 65. Ng6 Nxa4 {...Nb6 is the strong threat.} 66. e4 dxe4+ 67. Kxe4 Nc3+ {Black mates.} 68. Kd3 a4 {[%cal Ba5a4,Ba4a3,Ba3a2][%mdl 32]} 69. Kc4 a3 70. Kb3 a2 71. Kb2 {[#]} b3 $1 72. Ne5+ (72. Ka1 Nb5) 72... Kxh4 73. Nf3+ Kg3 74. Nd2 {[#]} h4 $1 {[%cal Bh5h4,Bh4h3,Bh3h2][%mdl 32]} 75. Nxb3 {[#]} h3 $1 76. Kxc3 h2 {Weighted Error Value: White=0.43/Black=0.12 (very precise)} 0-1